000 00679nam a2200289Ia 4500
005 20260324134926.0
008 008 260324s9999 xx 000 0 eng d
020 _a9781315539768
037 _aEBOOK
040 _aCRL
040 _beng
040 _cCRL
041 _2eng
041 _aeng
084 _qCRL
100 _aDavid Allyn
_91198675
245 0 _aMake Love, Not War
245 4 _bThe Sexual Revolution: An Unfettered History
260 _bTaylor and Francis
260 _c2001
365 _a
365 _b230
856 _uhttp://www.taylorfrancis.com/books/9781315539768
942 _cEBOOK
999 _c1799243
_d1799243